| 000 | 00627nam a2200229 i 4500 | ||
|---|---|---|---|
| 001 | bgj | ||
| 100 | 1 | _aMIKHANOVSKY, Vladimir. | |
| 245 | 1 | 0 |
_aThe Doubles / _cVladimir Mikhanovsky. |
| 260 |
_aMoscow : _bRaduga Publishers, _c1987. |
||
| 300 |
_a501, [1] pp : _bill. ; _c17 cm. |
||
| 650 | 9 |
_aFantastic fiction, Russian _xTranslations into English |
|
| 740 | 0 | 2 | _aThe Doubles |
| 740 | 0 | 2 | _aThe Land of Inforia |
| 740 | 0 | 2 | _aEnds and Means |
| 740 | 0 | 2 | _aThe Violet |
| 020 | _a5050010411 | ||
| 040 | _cBPK | ||
| 041 | 1 |
_aeng _hrus |
|
| 920 | _a5-05-001041-1 | ||
| 942 | _cKS | ||
| 008 | s uk f |000 0 eng | ||
| 999 |
_c48620 _d48620 |
||
| 856 |
_uhttp://koha.tu.koszalin.pl/cgi-bin/koha/opac-detail.pl?biblionumber=48620 _yKatalog online BPK |
||